Sänger/innen & Bands Gegenteil Quiz - Statistiken

Allgemein
  • Dieses Quiz wurde 146 mal gespielt
  • Das Durchschnittsergebnis liegt bei 8 aus 15
Antwortstatistiken
Hint Antwort % Korrekt
Die Patienten Die Ärzte
98%
Die Lebendigen Jacken Die Toten Hosen
98%
Goldsonne Silbermond
88%
die miserablen fünf die fantastischen Vier
83%
Dünne Semmel Fettes Brot
76%
Peking Jugendherberge Tokio Hotel
76%
Freilassung Haftbefehl
63%
Inaktivitätsfeinde Lauter Sportfreunde Stiller
54%
Pistolenbösewicht Revolverheld
49%
Pro P Kontra K
45%
Vorgesetztah Kollegah
38%
UZI ALLESIMGRIFF AK AUSSERKONTROLLE
26%
Seppel Casper
16%
Schulden Sis Capital Bra
15%
Ausweichholz Rammstein
14%
Keine übereinstimmenden Quizze gefunden
Verteilung der Resultate
Anzahl Personen mit jedem Resultat
Perzentil nach korrekt beantworteten Fragen
Ihre Resultats-Entwicklung
Sie haben dieses Quiz noch nicht gespielt